000 01282cam a22003617a 4500
003 CHAP
005 20220329133323.0
008 971013s r 00010 d
010 _a4848
011 _a5820
035 _a5036
040 _cCHAP
082 _a681.763
_bM47
100 0 0 _aMerrill-Sands, Deborah.
_975029
245 1 4 _aThe technical triangle linking farmers, technology transfer agents, and agricultural researchers
260 _aThe Hague :
_bISNAR,
_c[198-?]
300 _a118 p.
590 _aBATCH-UPD
_b10
_c20130109
_lUCH01
_h2312
590 _aBATCH-UPD
_b10
_c20130110
_lUCH01
_h0050
590 _aBATCH-UPD
_b10
_c20130110
_lUCH01
_h2013
590 _aBATCH-UPD
_b10
_c20130409
_lUCH01
_h1830
590 _aBATCH-UPD
_b10
_c20130410
_lUCH01
_h1332
590 _aBATCH-UPD
_b10
_c20130914
_lUCH01
_h1706
590 _aBATCH-UPD
_b10
_c20140805
_lUCH01
_h1143
590 _aCONVERSION
_b10
_c20130109
_lUCH01
_h1304
650 1 4 _aAgricultura
_xInnovaciones tecnológicas.
_91565
650 1 4 _aAgricultura
_xInvestigación.
_91577
700 0 _aKaimowitz, David.
_962600
710 0 _aServicio Internacional para la Investigación Agrícola Nacional.
_9105308
901 _aBK
942 _cLIBRO
949 _a681.763 M47
_bBC
_cLIBRO
_d33724000107827
_eLIBRO
_h81095
_i5036
_si
999 _c4848
_d4848